000 01059nam a2200229Ia 4500
003 Ost
005 20260507075350.0
008 260507s9999||||xx |||||||||||||| ||und||
020 _a16083299579
040 _cfsecg
041 _aara
082 _a330
100 _aزيني، عبد الحسين
_eمؤلف
245 0 _aالحسابات القومية /
_c عبد الحسين زيني
260 _aعمان:
_bدار ومكتبة الحامد للنشر والتوزيع,
_c2012
300 _a309 صفحة؛
_bإيضاحات ؛
_c24 سم
520 _aمفاهيم وتعاريف الدخل والحسابات القومية- حساب الدخل القومي بطريقة القيمة المضافة- تقدير الدخل القومي بطريقة الحصص الموزعة- تقدير الدخل القومي بطريقة الإنفاق- الحسابات القومية في توصيات الأمم المتحدة
653 _aالحسابات القومية
653 _aالدخل
653 _aالدخل القومي
942 _cكتاب
999 _c44130
_d44130